LEADER 03077nas0-2200517-|-450- 001 990001157900203316 005 20110307115752.0 011 $a0163-5506 035 $a000115790 035 $aUSA01000115790 035 $a(ALEPH)000115790USA01 035 $a000115790 100 $a20030625a----9999km-y0itay0103----ba 101 $aeng 102 $aUS 110 $aagaz---|||| 200 1 $aPublic libraries$fPublic Library Association 210 $aChicago, IL$cPublic Library Association 215 $av.$cill.$d28 cm 300 $aComincia nel 1978 300 $aDescrizione basata su: Vol.41, n.1 (Jan.-Feb.2002) 304 $aTit. della cop. 326 $aTrimestrale; bimestrale dal Jul.-Aug.1989 430 1$1001$12001$aPublic Library Association. PLA newsletter 606 0 $aBiblioteche pubblice$yStati Uniti d'America$xPeriodici 676 $a027.473 712 02$aPublic Library Association 801 0$aIT$bsalbc$gISBD 912 $a990001157900203316 958 $aUMA$bFondo$cVol.24 (1985)-Vol.48 (2009);$l2007, 959 $aSE 979 $aANNAPIA$b90$c20030625$lUSA01$h1129 979 $aPATRY$b90$c20040406$lUSA01$h1721 979 $aVITTORIANA$b90$c20110307$lUSA01$h1157 996 $aPublic libraries$9983291 997 $aUNISA Z30 2$lUSA50$LAdministrative$mISSBD$1UMA$AUMA$3Fondo$6162880$5B3742$820030625$a2001$b40$c1$f09$FNON Prestabile$hVol.40, n.1 (Jan.-Dec. 2001)$i20011228$j20010330$k20030625 Z30 2$lUSA50$LAdministrative$mISSBD$1UMA$AUMA$3Fondo$6167929$5B37588$820040308$a2002$b41$c1$f09$FNON Prestabile$hVol.41, n.1-6 (Jan.-Dec. 2002)$i20020228$j20020330$k20030625 Z30 2$lUSA50$LAdministrative$mISSUE$1UMA$AUMA$3Per XIII 38$5140610-130$820030625$a2003$b42$c1$f09$FNON Prestabile$hVol.42, n.1 (Jan.-Feb. 2003)$i20030228$j20030330$k20040308 Z30 2$lUSA50$LAdministrative$mISSUE$1UMA$AUMA$3Per XIII 38$5140610-150$820030901$a2003$b42$c4$f09$FNON Prestabile$hVol.42, n.4 (Jul.-Aug. 2003)$i20030828$j20030927$k20030901 Z30 2$lUSA50$LAdministrative$mISSUE$1UMA$AUMA$3Per XIII 38$5140610-160$820030901$a2003$b42$c5$f09$FNON Prestabile$hVol.42, n.5 (Sep.-Oct. 2003)$i20031028$j20031127$k20040202 Z30 2$lUSA50$LAdministrative$mISSUE$1UMA$AUMA$3Per XIII 38$5140610-170$820040202$a2003$b42$c2$f09$FNON Prestabile$hVol.42, n.2 (Mar.-Apr. 2003)$i20030428$j20030528$k20040202 Z30 2$lUSA50$LAdministrative$mISSUE$1UMA$AUMA$3Per XIII 38$5140610-180$820040202$a2003$b42$c3$f09$FNON Prestabile$hVol.42, n.3 (May-Jun. 2003)$i20030628$j20030728$k20040202 Z30 2$lUSA50$LAdministrative$mISSUE$1UMA$AUMA$3Per XIII 38$5140610-190$820040202$a2003$b42$c6$f09$FNON Prestabile$hVol.42, n.6 (Nov.-Dec. 2003)$i20031228$j20040127 Z30 2$lUSA50$LAdministrative$mISSUE$1UMA$AUMA$3Per XIII 38$5140610-210$820040330$a2004$b43$c1$f09$FNON Prestabile$hVol.43, n.1 (Jan.-Feb. 2004) sw$i20040228$j20040306$k20040330 Z30 2$lUSA50$LAdministrative$mISSUE$1UMA$AUMA$3Per XIII 38$5140610-220$820040330$a2004$b43$c2$f09$FNON Prestabile$hVol.43, n.2 (Mar.-Apr. 2004)$i20040428$j20040505 LEADER 00408nam##22001217##450# 001 9910551573303321 010 $a9788881951369 100 $a########d########u##y0engy50####ba 105 0 $a########00### 200 1 $aCreare la Nazione : i nomi dei paesi della America Latina / a cura di José Carlos Chiaramonte, Carlos Marichal, Aimer Granados. 912 $a9910551573303321 996 $aCreare la nazione$9258305 997 $aUNINA LEADER 01106nam2 22002893i 450 001 UR10002503 005 20251003044432.0 100 $a20250512d1983 ||||0itac50 ba 101 | $aita 102 $ait 181 1$6z01$ai $bxxxe 182 1$6z01$an 183 1$6z01$anc$2RDAcarrier 200 1 $aˆ1: Lo ‰schema teorico e le qualificazioni$fEnzo Cardi 210 $aRimini$cMaggioli$d1983 215 $a218 p.$d24 cm. 461 1$1001CFI0015039$12001 $aˆLa ‰manifestazione di interessi nei procedimenti amministrativi$fEnzo Cardi$v1 606 $aProcedimento amministrativo$2FIR$3CFIC002420$9E 676 $a342.45066$9PROCEDIMENTO AMMINISTRATIVO. ITALIA$v23 700 1$aCardi$b, Enzo$f <1950- >$3CFIV009726$4070$0115762 801 3$aIT$bIT-000000$c20250512 850 $aIT-BN0095 912 $aUR10002503 950 2$aBiblioteca Centralizzata di Ateneo$cv. 1$d 01D (AR) 1 802$e 01AR 0070018025 VMA A4(0001 v. 1$fY $h20250611$i20250611 977 $a 01 996 $aSchema teorico e le qualificazioni$94386268 997 $aUNISANNIO